[Event "22nd ETCC Women 2019"]
[Site "Batumi"]
[Date "2019.10.27"]
[Round "4.14"]
[White "Gaponenko, Inna"]
[Black "Yildiz Kadioglu, Betul Cemre"]
[Result "1/2-1/2"]
[WhiteElo "2427"]
[BlackElo "2338"]
[Annotator "NA"]
[PlyCount "114"]
[EventDate "2019.10.24"]
[EventType "team-tourn"]
[EventCountry "GEO"]
[SourceTitle "playchess.com"]
[Source "ChessBase"]
[SourceQuality "1"]
[WhiteTeam "Ukraine"]
[BlackTeam "Turkey"]
[WhiteTeamCountry "UKR"]
[BlackTeamCountry "TUR"]
[TimeControl "40/5400+30:1800+30"]

1. e4 {[%emt 0:00:00]} e5 {[%emt 0:00:00]} 2. Nf3 {[%emt 0:00:00]} Nf6 {[%emt 0:00:00]} 3. d4 {[%emt 0:08:52]} Nxe4 {[%emt 0:00:21]} 4. Bd3 {[%emt 0:00:28]} d5 {[%emt 0:01:09]} 5. Nxe5 {[%emt 0:00:20]} Nd7 {[%emt 0:01:59]} 6. Nc3 {[%emt 0:00:44]} Nxc3 {[%emt 0:08:26]} 7. bxc3 {[%emt 0:00:09]} Nxe5 {[%emt 0:03:49]} 8. dxe5 {[%emt 0:00:07]} Bc5 {[%emt 0:00:58]} 9. O-O {[%emt 0:12:17]} c6 {[%emt 0:06:22]} 10. Qh5 {[%emt 0:23:35]} Be6 {[%emt 0:12:34]} 11. Rb1 {[%emt 0:01:06]} Qd7 {[%emt 0:10:02]} 12. Bg5 {[%emt 0:04:23]} b6 {[%emt 0:07:17]} 13. Rfe1 {[%emt 0:15:11]} Bg4 {[%emt 0:09:28]} 14. Qh4 {[%emt 0:01:14]} Qe6 {[%emt 0:01:40]} 15. Be3 {[%emt 0:07:47]} Bxe3 {[%emt 0:09:15]} 16. Rxe3 {[%emt 0:00:03]} Bf5 {[%emt 0:00:25]} 17. Qg5 {[%emt 0:02:36]} Bg6 {[%emt 0:01:53]} 18. f4 {[%emt 0:09:27]} h6 {[%emt 0:06:32]} 19. Qg3 {[%emt 0:01:18]} O-O-O {[%emt 0:01:57]} 20. Qh3 {[%emt 0:03:45]} Qxh3 {[%emt 0:09:01]} 21. Rxh3 {[%emt 0:00:02]} Bxd3 {[%emt 0:00:38]} 22. cxd3 {[%emt 0:00:06]} d4 {[%emt 0:00:30]} 23. c4 {[%emt 0:00:29]} Rde8 {[%emt 0:01:47]} 24. Re1 {[%emt 0:02:12]} Re7 {[%emt 0:00:57]} 25. Rg3 {[%emt 0:01:25]} f6 {[%emt 0:03:32]} 26. e6 {[%emt 0:00:28]} f5 {[%emt 0:00:10]} 27. Re5 {[%emt 0:00:32]} Rf8 {[%emt 0:00:16]} 28. Rg6 {[%emt 0:00:27]} Kc7 {[%emt 0:01:29]} 29. h4 {[%emt 0:01:49]} Kd6 {[%emt 0:00:24]} 30. Kf2 {[%emt 0:00:10]} a6 {[%emt 0:01:28]} 31. a4 {[%emt 0:00:29]} Kc7 {[%emt 0:00:37]} 32. h5 {[%emt 0:00:32]} Kd6 {[%emt 0:00:06]} 33. Kf3 {[%emt 0:00:26]} Rf6 {[%emt 0:00:19]} 34. Rxf6 {[%emt 0:00:38]} gxf6 {[%emt 0:00:02]} 35. Rxf5 {[%emt 0:00:05]} Rxe6 {[%emt 0:01:03]} 36. Kg4 {[%emt 0:01:41]} Ke7 {[%emt 0:00:28]} 37. a5 {[%emt 0:00:03]} bxa5 {[%emt 0:00:56]} 38. Rxa5 {[%emt 0:00:03]} Re3 {[%emt 0:00:35]} 39. Rxa6 {[%emt 0:00:33]} Kd6 {[%emt 0:00:06]} 40. Kf5 {[%emt 0:00:00]} Rxd3 {[%emt 0:00:00]} 41. Kxf6 {[%emt 0:04:01]} Rg3 {[%emt 0:03:58]} 42. Ra2 {[%emt 0:00:31]} Kc5 {[%emt 0:04:53]} 43. f5 {[%emt 0:04:36]} d3 {[%emt 0:01:33]} 44. Ke7 {[%emt 0:09:25]} Re3+ {[%emt 0:01:51]} 45. Kd7 {[%emt 0:00:13]} Re2 {[%emt 0:03:42]} 46. Ra1 {[%emt 0:00:04]} d2 {[%emt 0:07:11]} 47. f6 {[%emt 0:00:30]} Rxg2 {[%emt 0:09:32]} 48. f7 {[%emt 0:00:34]} Rf2 {[%emt 0:00:05]} 49. Ke7 {[%emt 0:00:12]} Kxc4 {[%emt 0:01:29]} 50. f8=Q {[%emt 0:00:33]} Rxf8 {[%emt 0:00:05]} 51. Kxf8 {[%emt 0:00:03]} Kd3 {[%emt 0:01:43]} 52. Kg7 {[%emt 0:00:19]} c5 {[%emt 0:00:18]} 53. Kxh6 {[%emt 0:00:11]} c4 {[%emt 0:00:05]} 54. Kg6 {[%emt 0:02:21]} c3 {[%emt 0:00:03]} 55. h6 {[%emt 0:00:03]} c2 {[%emt 0:00:20]} 56. h7 {[%emt 0:00:04]} d1=Q {[%emt 0:00:57]} 57. Rxd1+ {[%emt 0:00:30]} cxd1=Q {[%emt 0:00:10]} 1/2-1/2

[Event "22nd ETCC Women 2019"]
[Site "Batumi"]
[Date "2019.10.27"]
[Round "4.14"]
[White "Pipia, Ekaterine"]
[Black "Dannenberg, Alia"]
[Result "1-0"]
[WhiteElo "1935"]
[BlackElo "1902"]
[Annotator "NA"]
[PlyCount "83"]
[EventDate "2019.10.24"]
[EventType "team-tourn"]
[EventCountry "GEO"]
[SourceTitle "playchess.com"]
[Source "ChessBase"]
[SourceQuality "1"]
[WhiteTeam "Georgia"]
[BlackTeam "Finland"]
[WhiteTeamCountry "GEO"]
[BlackTeamCountry "FIN"]
[TimeControl "40/5400+30:1800+30"]

1. d4 {[%emt 0:00:00]} Nf6 {[%emt 0:00:00]} 2. c4 {[%emt 0:00:00]} g6 {[%emt 0:00:00]} 3. Nc3 {[%emt 0:00:00]} Bg7 {[%emt 0:00:00]} 4. e4 {[%emt 0:00:00]} d6 {[%emt 0:00:00]} 5. Nf3 {[%emt 0:00:00]} O-O {[%emt 0:00:00]} 6. Be2 {[%emt 0:00:00]} e5 {[%emt 0:00:10]} 7. O-O {[%emt 0:00:00]} Qe8 {[%emt 0:00:08]} 8. d5 {[%emt 0:01:56]} a5 {[%emt 0:00:26]} 9. h3 {[%emt 0:02:24]} Na6 {[%emt 0:00:34]} 10. Be3 {[%emt 0:00:30]} Nd7 {[%emt 0:01:22]} 11. Nd2 {[%emt 0:01:02]} Ndc5 {[%emt 0:01:44]} 12. b3 {[%emt 0:02:43]} Bd7 {[%emt 0:02:44]} 13. a3 {[%emt 0:00:43]} f5 {[%emt 0:00:35]} 14. f3 {[%emt 0:00:42]} f4 {[%emt 0:02:36]} 15. Bf2 {[%emt 0:00:21]} g5 {[%emt 0:00:52]} 16. Rb1 {[%emt 0:00:36]} b6 {[%emt 0:00:50]} 17. b4 {[%emt 0:04:29]} Nb7 {[%emt 0:03:12]} 18. Bd3 {[%emt 0:12:34]} h5 {[%emt 0:05:08]} 19. Qe2 {[%emt 0:00:33]} Nb8 {[%emt 0:06:41]} 20. Nb5 {[%emt 0:05:24]} Qc8 {[%emt 0:08:11]} 21. c5 {[%emt 0:02:50]} bxc5 {[%emt 0:09:06]} 22. bxc5 {[%emt 0:00:08]} dxc5 {[%emt 0:03:35]} 23. Rfc1 {[%emt 0:02:15]} g4 {[%emt 0:02:59]} 24. hxg4 {[%emt 0:01:37]} hxg4 {[%emt 0:00:02]} 25. fxg4 {[%emt 0:00:12]} Bxg4 {[%emt 0:01:41]} 26. Nf3 {[%emt 0:00:00]} Nd7 {[%emt 0:01:58]} 27. Qa2 {[%emt 0:02:51]} Kh8 {[%emt 0:08:55]} 28. Kf1 {[%emt 0:00:21]} Bf6 {[%emt 0:12:59]} 29. Ke2 {[%emt 0:01:05]} Kg7 {[%emt 0:01:49]} 30. Rh1 {[%emt 0:03:08]} Nd6 {[%emt 0:01:20]} 31. Qc2 {[%emt 0:03:38]} Nxb5 {[%emt 0:06:10]} 32. Bxb5 {[%emt 0:00:45]} Be7 {[%emt 0:00:48]} 33. Qc3 {[%emt 0:01:54]} Bd6 {[%emt 0:01:06]} 34. Kd3 {[%emt 0:07:03]} Bxf3 {[%emt 0:04:32]} 35. gxf3 {[%emt 0:00:07]} Rf6 {[%emt 0:00:19]} 36. Rbg1+ {[%emt 0:04:25]} Rg6 {[%emt 0:00:26]} 37. Rxg6+ {[%emt 0:01:07]} Kxg6 {[%emt 0:00:02]} 38. Qc1 {[%emt 0:00:26]} Nf6 {[%emt 0:02:29]} 39. Qg1+ {[%emt 0:16:33]} Kf7 {[%emt 0:00:14]} 40. Qg5 {[%emt 0:00:00]} Rb8 {[%emt 0:00:00]} 41. Rh6 {[%emt 0:02:21]} Ng8 {[%emt 0:24:03]} 42. Rh7+ {[%emt 0:00:40]} 1-0

[Event "22nd ETCC Women 2019"]
[Site "Batumi"]
[Date "2019.10.27"]
[Round "4.15"]
[White "Ozturk, Kubra"]
[Black "Buksa, Nataliya"]
[Result "1/2-1/2"]
[WhiteElo "2317"]
[BlackElo "2410"]
[Annotator "NA"]
[PlyCount "61"]
[EventDate "2019.10.24"]
[EventType "team-tourn"]
[EventCountry "GEO"]
[SourceTitle "playchess.com"]
[Source "ChessBase"]
[SourceQuality "1"]
[WhiteTeam "Turkey"]
[BlackTeam "Ukraine"]
[WhiteTeamCountry "TUR"]
[BlackTeamCountry "UKR"]
[TimeControl "40/5400+30:1800+30"]

1. d4 {[%emt 0:00:00]} d5 {[%emt 0:00:00]} 2. c4 {[%emt 0:00:00]} e6 {[%emt 0:00:00]} 3. Nf3 {[%emt 0:00:12]} Nf6 {[%emt 0:00:03]} 4. Nc3 {[%emt 0:00:25]} Nbd7 {[%emt 0:00:05]} 5. Qc2 {[%emt 0:00:20]} c5 {[%emt 0:00:17]} 6. cxd5 {[%emt 0:02:41]} Nxd5 {[%emt 0:00:12]} 7. Nxd5 {[%emt 0:11:10]} exd5 {[%emt 0:00:05]} 8. g3 {[%emt 0:01:01]} c4 {[%emt 0:00:05]} 9. Bg2 {[%emt 0:01:25]} Bb4+ {[%emt 0:00:05]} 10. Bd2 {[%emt 0:00:47]} Bxd2+ {[%emt 0:00:06]} 11. Nxd2 {[%emt 0:02:38]} Nf6 {[%emt 0:01:19]} 12. O-O {[%emt 0:19:49]} O-O {[%emt 0:00:10]} 13. e4 {[%emt 0:19:27]} dxe4 {[%emt 0:22:26]} 14. Nxe4 {[%emt 0:00:21]} Qxd4 {[%emt 0:01:04]} 15. Rad1 {[%emt 0:07:39]} Qe5 {[%emt 0:00:04]} 16. Nxf6+ {[%emt 0:05:22]} Qxf6 {[%emt 0:00:05]} 17. Qxc4 {[%emt 0:00:14]} Qxb2 {[%emt 0:09:21]} 18. Rb1 {[%emt 0:00:27]} Be6 {[%emt 0:00:41]} 19. Bd5 {[%emt 0:04:51]} Bxd5 {[%emt 0:10:55]} 20. Qxd5 {[%emt 0:00:02]} Qc3 {[%emt 0:00:04]} 21. Rxb7 {[%emt 0:02:02]} Rad8 {[%emt 0:00:04]} 22. Qb3 {[%emt 0:01:00]} Qxb3 {[%emt 0:04:01]} 23. axb3 {[%emt 0:00:27]} Rb8 {[%emt 0:00:03]} 24. Rxa7 {[%emt 0:00:16]} Rxb3 {[%emt 0:00:04]} 25. h4 {[%emt 0:02:23]} h5 {[%emt 0:00:11]} 26. Rfa1 {[%emt 0:00:29]} g6 {[%emt 0:00:10]} 27. Ra8 {[%emt 0:00:49]} Rxa8 {[%emt 0:00:15]} 28. Rxa8+ {[%emt 0:00:03]} Kg7 {[%emt 0:00:04]} 29. Ra6 {[%emt 0:00:24]} Rf3 {[%emt 0:00:37]} 30. Kg2 {[%emt 0:00:11]} Rf5 {[%emt 0:00:51]} 31. Rb6 {[%emt 0:00:13]} 1/2-1/2

[Event "22nd ETCC Women 2019"]
[Site "Batumi"]
[Date "2019.10.27"]
[Round "4.15"]
[White "Norlamo, Sarabella"]
[Black "Esadze, Tamari"]
[Result "1-0"]
[WhiteElo "2020"]
[BlackElo "1885"]
[Annotator "NA"]
[PlyCount "177"]
[EventDate "2019.10.24"]
[EventType "team-tourn"]
[EventCountry "GEO"]
[SourceTitle "playchess.com"]
[Source "ChessBase"]
[SourceQuality "1"]
[WhiteTeam "Finland"]
[BlackTeam "Georgia"]
[WhiteTeamCountry "FIN"]
[BlackTeamCountry "GEO"]
[TimeControl "40/5400+30:1800+30"]

1. d4 {[%emt 0:00:00]} Nf6 {[%emt 0:00:00]} 2. c4 {[%emt 0:00:00]} e6 {[%emt 0:00:00]} 3. Nf3 {[%emt 0:00:00]} b6 {[%emt 0:00:00]} 4. g3 {[%emt 0:00:00]} Bb7 {[%emt 0:00:00]} 5. Bg2 {[%emt 0:00:04]} Be7 {[%emt 0:00:00]} 6. O-O {[%emt 0:00:59]} O-O {[%emt 0:00:08]} 7. Nc3 {[%emt 0:00:12]} Ne4 {[%emt 0:03:07]} 8. Nxe4 {[%emt 0:14:42]} Bxe4 {[%emt 0:00:04]} 9. Bf4 {[%emt 0:04:45]} d6 {[%emt 0:09:01]} 10. Rc1 {[%emt 0:03:40]} c5 {[%emt 0:08:54]} 11. d5 {[%emt 0:09:58]} e5 {[%emt 0:04:33]} 12. Bd2 {[%emt 0:02:10]} f5 {[%emt 0:08:13]} 13. Bc3 {[%emt 0:07:03]} Nd7 {[%emt 0:08:15]} 14. Nd2 {[%emt 0:07:44]} Bxg2 {[%emt 0:00:14]} 15. Kxg2 {[%emt 0:00:02]} Bg5 {[%emt 0:05:03]} 16. Rc2 {[%emt 0:06:50]} Qe7 {[%emt 0:03:41]} 17. Qe1 {[%emt 0:02:51]} Rae8 {[%emt 0:08:15]} 18. e4 {[%emt 0:04:06]} Bxd2 {[%emt 0:09:49]} 19. Bxd2 {[%emt 0:00:40]} f4 {[%emt 0:03:11]} 20. f3 {[%emt 0:02:32]} h5 {[%emt 0:04:41]} 21. Kf2 {[%emt 0:04:54]} Nf6 {[%emt 0:04:19]} 22. gxf4 {[%emt 0:04:55]} exf4 {[%emt 0:00:10]} 23. Bc3 {[%emt 0:00:08]} Nd7 {[%emt 0:10:14]} 24. Rg1 {[%emt 0:03:07]} Ne5 {[%emt 0:00:07]} 25. Bxe5 {[%emt 0:00:23]} Qxe5 {[%emt 0:01:19]} 26. Qc3 {[%emt 0:00:49]} Kh7 {[%emt 0:05:27]} 27. h4 {[%emt 0:03:42]} g6 {[%emt 0:01:22]} 28. Rg5 {[%emt 0:06:31]} Qxc3 {[%emt 0:00:06]} 29. Rxc3 {[%emt 0:00:09]} Kg7 {[%emt 0:00:46]} 30. Rc1 {[%emt 0:00:30]} Kf6 {[%emt 0:00:22]} 31. Rcg1 {[%emt 0:01:05]} Rg8 {[%emt 0:00:03]} 32. Ke2 {[%emt 0:02:48]} Rb8 {[%emt 0:01:39]} 33. b3 {[%emt 0:01:15]} Rbe8 {[%emt 0:00:10]} 34. Kd3 {[%emt 0:00:30]} Rg7 {[%emt 0:00:21]} 35. Kc3 {[%emt 0:00:52]} Rc8 {[%emt 0:01:14]} 36. Re1 {[%emt 0:01:10]} Re7 {[%emt 0:00:27]} 37. Reg1 {[%emt 0:00:57]} Rg7 {[%emt 0:00:03]} 38. Kd3 {[%emt 0:01:25]} Re8 {[%emt 0:00:14]} 39. Kc3 {[%emt 0:00:11]} Rc8 {[%emt 0:00:04]} 40. a3 {[%emt 0:00:00]} a6 {[%emt 0:00:00]} 41. Kd3 {[%emt 0:11:19]} Re8 {[%emt 0:12:25]} 42. R1g2 {[%emt 0:04:03]} Rc8 {[%emt 0:02:41]} 43. Rb2 {[%emt 0:01:51]} b5 {[%emt 0:06:41]} 44. cxb5 {[%emt 0:01:51]} axb5 {[%emt 0:00:02]} 45. a4 {[%emt 0:00:50]} b4 {[%emt 0:03:51]} 46. Kc4 {[%emt 0:01:27]} Ra7 {[%emt 0:01:50]} 47. Rbg2 {[%emt 0:01:03]} Rg7 {[%emt 0:00:04]} 48. Rg1 {[%emt 0:01:08]} Re8 {[%emt 0:01:25]} 49. Kb5 {[%emt 0:01:21]} Ree7 {[%emt 0:00:59]} 50. Re1 {[%emt 0:03:13]} Rb7+ {[%emt 0:02:10]} 51. Kc4 {[%emt 0:00:21]} Rge7 {[%emt 0:00:26]} 52. Kd3 {[%emt 0:03:19]} Rb8 {[%emt 0:01:51]} 53. Kc4 {[%emt 0:00:22]} Rbb7 {[%emt 0:00:14]} 54. e5+ {[%emt 0:05:00]} dxe5 {[%emt 0:00:46]} 55. d6 {[%emt 0:00:05]} Re6 {[%emt 0:03:32]} 56. Kxc5 {[%emt 0:00:02]} Rd7 {[%emt 0:00:04]} 57. Rd1 {[%emt 0:02:23]} e4 {[%emt 0:01:27]} 58. fxe4 {[%emt 0:02:37]} Rxe4 {[%emt 0:00:03]} 59. Kc6 {[%emt 0:00:41]} Rd8 {[%emt 0:00:21]} 60. Kc7 {[%emt 0:00:30]} Ree8 {[%emt 0:00:51]} 61. d7 {[%emt 0:00:46]} Rg8 {[%emt 0:00:45]} 62. Rd4 {[%emt 0:00:56]} f3 {[%emt 0:00:42]} 63. Rxb4 {[%emt 0:00:46]} f2 {[%emt 0:00:11]} 64. Rf4+ {[%emt 0:00:30]} Ke6 {[%emt 0:00:02]} 65. Rxg6+ {[%emt 0:01:49]} Rxg6 {[%emt 0:01:35]} 66. Kxd8 {[%emt 0:00:01]} Rg7 {[%emt 0:01:37]} 67. Rxf2 {[%emt 0:00:35]} Rxd7+ {[%emt 0:00:02]} 68. Kc8 {[%emt 0:00:12]} Rd4 {[%emt 0:00:41]} 69. a5 {[%emt 0:00:47]} Rb4 {[%emt 0:00:54]} 70. a6 {[%emt 0:00:57]} Rxb3 {[%emt 0:00:06]} 71. Ra2 {[%emt 0:00:30]} Rc3+ {[%emt 0:00:13]} 72. Kb7 {[%emt 0:00:23]} Rb3+ {[%emt 0:00:06]} 73. Kc6 {[%emt 0:00:10]} Rc3+ {[%emt 0:00:15]} 74. Kb5 {[%emt 0:00:11]} Rb3+ {[%emt 0:00:08]} 75. Kc4 {[%emt 0:00:09]} Rb8 {[%emt 0:00:03]} 76. a7 {[%emt 0:00:27]} Ra8 {[%emt 0:00:02]} 77. Kd4 {[%emt 0:00:32]} Kf5 {[%emt 0:00:31]} 78. Ke3 {[%emt 0:00:26]} Kg4 {[%emt 0:00:39]} 79. Ra4+ {[%emt 0:00:01]} Kg3 {[%emt 0:00:42]} 80. Ke2 {[%emt 0:00:37]} Re8+ {[%emt 0:00:42]} 81. Kf1 {[%emt 0:00:38]} Ra8 {[%emt 0:00:11]} 82. Ke1 {[%emt 0:00:55]} Re8+ {[%emt 0:00:04]} 83. Kd2 {[%emt 0:00:10]} Ra8 {[%emt 0:00:14]} 84. Ke3 {[%emt 0:00:45]} Re8+ {[%emt 0:02:13]} 85. Kd4 {[%emt 0:00:40]} Ra8 {[%emt 0:01:43]} 86. Ke5 {[%emt 0:00:41]} Re8+ {[%emt 0:00:48]} 87. Kf5 {[%emt 0:00:09]} Rf8+ {[%emt 0:00:30]} 88. Kg5 {[%emt 0:00:02]} Ra8 {[%emt 0:00:27]} 89. Kxh5 {[%emt 0:00:17]} 1-0

[Event "22nd ETCC Women 2019"]
[Site "Batumi"]
[Date "2019.10.27"]
[Round "4.16"]
[White "Zhukova, Natalia"]
[Black "Duran, Esma Doga"]
[Result "1-0"]
[WhiteElo "2333"]
[BlackElo "1878"]
[Annotator "NA"]
[PlyCount "119"]
[EventDate "2019.10.24"]
[EventType "team-tourn"]
[EventCountry "GEO"]
[SourceTitle "playchess.com"]
[Source "ChessBase"]
[SourceQuality "1"]
[WhiteTeam "Ukraine"]
[BlackTeam "Turkey"]
[WhiteTeamCountry "UKR"]
[BlackTeamCountry "TUR"]
[TimeControl "40/5400+30:1800+30"]

1. c4 {[%emt 0:00:00]} c5 {[%emt 0:00:48]} 2. Nf3 {[%emt 0:00:07]} Nc6 {[%emt 0:00:58]} 3. d4 {[%emt 0:00:35]} cxd4 {[%emt 0:00:22]} 4. Nxd4 {[%emt 0:00:07]} g6 {[%emt 0:01:12]} 5. e4 {[%emt 0:00:44]} Bg7 {[%emt 0:00:34]} 6. Be3 {[%emt 0:01:32]} Nf6 {[%emt 0:04:43]} 7. Nc3 {[%emt 0:00:08]} d6 {[%emt 0:03:38]} 8. Be2 {[%emt 0:00:19]} O-O {[%emt 0:01:34]} 9. O-O {[%emt 0:00:14]} Bd7 {[%emt 0:04:17]} 10. h3 {[%emt 0:00:39]} Nxd4 {[%emt 0:03:23]} 11. Bxd4 {[%emt 0:00:09]} Bc6 {[%emt 0:00:20]} 12. Qc2 {[%emt 0:01:34]} Qc7 {[%emt 0:05:50]} 13. Rad1 {[%emt 0:01:56]} Rac8 {[%emt 0:14:17]} 14. Rfe1 {[%emt 0:03:39]} b6 {[%emt 0:03:00]} 15. Nd5 {[%emt 0:26:33]} Bxd5 {[%emt 0:15:26]} 16. exd5 {[%emt 0:00:16]} Nd7 {[%emt 0:03:54]} 17. Bxg7 {[%emt 0:05:03]} Kxg7 {[%emt 0:00:01]} 18. Bg4 {[%emt 0:18:58]} h5 {[%emt 0:05:30]} 19. Qc3+ {[%emt 0:16:57]} Kg8 {[%emt 0:06:12]} 20. Bxh5 {[%emt 0:07:21]} gxh5 {[%emt 0:11:11]} 21. Qg3+ {[%emt 0:00:06]} Kh7 {[%emt 0:02:32]} 22. Rxe7 {[%emt 0:00:11]} Rce8 {[%emt 0:02:04]} 23. Rde1 {[%emt 0:01:50]} Rxe7 {[%emt 0:00:42]} 24. Rxe7 {[%emt 0:00:03]} Qxc4 {[%emt 0:05:15]} 25. Rxd7 {[%emt 0:00:16]} Qxd5 {[%emt 0:00:53]} 26. Rxd6 {[%emt 0:00:30]} Qf5 {[%emt 0:01:06]} 27. Qe3 {[%emt 0:01:00]} Rc8 {[%emt 0:01:48]} 28. Kh2 {[%emt 0:07:18]} f6 {[%emt 0:01:14]} 29. Qd4 {[%emt 0:03:18]} Kg6 {[%emt 0:00:47]} 30. Rd5 {[%emt 0:00:09]} Qe6 {[%emt 0:00:22]} 31. Qd3+ {[%emt 0:00:25]} Kh6 {[%emt 0:00:44]} 32. Qd2+ {[%emt 0:02:47]} Kg6 {[%emt 0:00:13]} 33. Qd3+ {[%emt 0:00:01]} Kh6 {[%emt 0:00:00]} 34. Qf3 {[%emt 0:00:09]} Qf7 {[%emt 0:00:53]} 35. Qf4+ {[%emt 0:00:34]} Kg7 {[%emt 0:00:22]} 36. Rd3 {[%emt 0:01:53]} Rc5 {[%emt 0:00:57]} 37. Rg3+ {[%emt 0:00:14]} Kh7 {[%emt 0:00:35]} 38. Qe4+ {[%emt 0:00:11]} Kh6 {[%emt 0:00:38]} 39. b3 {[%emt 0:01:06]} Re5 {[%emt 0:00:33]} 40. Qf4+ {[%emt 0:00:00]} Kh7 {[%emt 0:00:00]} 41. Rf3 {[%emt 0:02:06]} Re6 {[%emt 0:04:50]} 42. Qf5+ {[%emt 0:01:28]} Kh6 {[%emt 0:00:55]} 43. g4 {[%emt 0:13:14]} Qc7+ {[%emt 0:10:11]} 44. Kg2 {[%emt 0:00:27]} hxg4 {[%emt 0:02:56]} 45. hxg4 {[%emt 0:00:29]} Qc6 {[%emt 0:03:00]} 46. Kh2 {[%emt 0:07:57]} Qc7+ {[%emt 0:00:14]} 47. Rg3 {[%emt 0:04:13]} Qe5 {[%emt 0:01:12]} 48. Kg2 {[%emt 0:03:53]} Qxf5 {[%emt 0:04:40]} 49. gxf5 {[%emt 0:00:02]} Rd6 {[%emt 0:02:29]} 50. Kf3 {[%emt 0:00:36]} Kh7 {[%emt 0:01:14]} 51. Rg6 {[%emt 0:00:50]} Rc6 {[%emt 0:00:47]} 52. Ke4 {[%emt 0:00:22]} Rd6 {[%emt 0:00:02]} 53. a4 {[%emt 0:01:26]} a6 {[%emt 0:01:34]} 54. f4 {[%emt 0:00:21]} b5 {[%emt 0:00:57]} 55. axb5 {[%emt 0:00:38]} axb5 {[%emt 0:00:03]} 56. Rg3 {[%emt 0:00:08]} b4 {[%emt 0:02:35]} 57. Rd3 {[%emt 0:00:13]} Rc6 {[%emt 0:00:54]} 58. Rd4 {[%emt 0:00:07]} Rb6 {[%emt 0:00:26]} 59. Kd5 {[%emt 0:00:36]} Rb5+ {[%emt 0:00:42]} 60. Ke4 1-0

[Event "22nd ETCC Women 2019"]
[Site "Batumi"]
[Date "2019.10.27"]
[Round "4.16"]
[White "Lomaia, Diana"]
[Black "Lehtinen, Helja"]
[Result "1-0"]
[WhiteElo "1861"]
[BlackElo "1802"]
[Annotator "NA"]
[PlyCount "119"]
[EventDate "2019.10.24"]
[EventType "team-tourn"]
[EventCountry "GEO"]
[SourceTitle "playchess.com"]
[Source "ChessBase"]
[SourceQuality "1"]
[WhiteTeam "Georgia"]
[BlackTeam "Finland"]
[WhiteTeamCountry "GEO"]
[BlackTeamCountry "FIN"]
[TimeControl "40/5400+30:1800+30"]

1. d4 {[%emt 0:00:00]} Nf6 {[%emt 0:00:00]} 2. c4 {[%emt 0:00:00]} g6 {[%emt 0:00:00]} 3. Nc3 {[%emt 0:00:00]} Bg7 {[%emt 0:00:00]} 4. e4 {[%emt 0:00:04]} d6 {[%emt 0:00:04]} 5. Be2 {[%emt 0:00:19]} O-O {[%emt 0:00:25]} 6. Nf3 {[%emt 0:00:19]} Nbd7 {[%emt 0:00:52]} 7. O-O {[%emt 0:00:59]} e5 {[%emt 0:00:51]} 8. Re1 {[%emt 0:01:04]} c6 {[%emt 0:01:20]} 9. Bf1 {[%emt 0:01:37]} exd4 {[%emt 0:03:34]} 10. Nxd4 {[%emt 0:00:17]} Re8 {[%emt 0:00:09]} 11. Kh1 {[%emt 0:06:03]} Nc5 {[%emt 0:04:02]} 12. f3 {[%emt 0:00:55]} a5 {[%emt 0:01:05]} 13. Rb1 {[%emt 0:00:52]} Qc7 {[%emt 0:14:08]} 14. Be3 {[%emt 0:02:12]} Nfd7 {[%emt 0:03:38]} 15. Qd2 {[%emt 0:08:42]} Ne5 {[%emt 0:20:55]} 16. b3 {[%emt 0:02:05]} Ne6 {[%emt 0:10:17]} 17. Red1 {[%emt 0:11:58]} Rd8 {[%emt 0:07:30]} 18. a3 {[%emt 0:05:13]} Nxd4 {[%emt 0:12:13]} 19. Bxd4 {[%emt 0:00:16]} Be6 {[%emt 0:00:16]} 20. Qf2 {[%emt 0:13:02]} Qe7 {[%emt 0:10:01]} 21. Rd2 {[%emt 0:12:56]} c5 {[%emt 0:01:06]} 22. Bxe5 {[%emt 0:01:12]} Bxe5 {[%emt 0:00:14]} 23. Nb5 {[%emt 0:06:44]} Bg7 {[%emt 0:03:29]} 24. Rbd1 {[%emt 0:10:37]} Bf8 {[%emt 0:01:43]} 25. Qg3 {[%emt 0:06:53]} Ra6 {[%emt 0:00:58]} 26. e5 {[%emt 0:00:53]} Raa8 {[%emt 0:03:24]} 27. Nxd6 {[%emt 0:02:51]} f6 {[%emt 0:00:42]} 28. exf6 {[%emt 0:01:42]} Qxf6 {[%emt 0:00:22]} 29. Ne4 {[%emt 0:01:21]} Qe7 {[%emt 0:00:04]} 30. Qe5 {[%emt 0:00:54]} Rxd2 {[%emt 0:00:57]} 31. Rxd2 {[%emt 0:00:06]} Bg7 {[%emt 0:00:33]} 32. Qxc5 {[%emt 0:00:31]} Qxc5 {[%emt 0:00:33]} 33. Nxc5 {[%emt 0:00:04]} Bf5 {[%emt 0:00:24]} 34. Nxb7 {[%emt 0:02:05]} Bc3 {[%emt 0:00:21]} 35. Rd8+ {[%emt 0:01:35]} Rxd8 {[%emt 0:00:18]} 36. Nxd8 {[%emt 0:00:05]} Bb2 {[%emt 0:00:04]} 37. Nc6 {[%emt 0:00:47]} Bxa3 {[%emt 0:00:42]} 38. Be2 {[%emt 0:01:08]} a4 {[%emt 0:00:31]} 39. bxa4 {[%emt 0:00:22]} Bd7 {[%emt 0:00:14]} 40. Ne5 {[%emt 0:00:00]} Bxa4 {[%emt 0:00:00]} 41. f4 {[%emt 0:05:15]} Kg7 {[%emt 0:04:55]} 42. g3 h5 43. Bd3 {[%emt 0:08:33]} Be8 {[%emt 0:06:03]} 44. Kg2 {[%emt 0:02:10]} Bd6 {[%emt 0:02:33]} 45. Be4 {[%emt 0:02:52]} Kf6 {[%emt 0:02:57]} 46. Nd3 {[%emt 0:03:02]} g5 {[%emt 0:02:12]} 47. Kf3 {[%emt 0:02:33]} Bd7 {[%emt 0:02:02]} 48. Ke3 {[%emt 0:03:15]} Bc7 {[%emt 0:05:34]} 49. Kd4 {[%emt 0:02:03]} h4 50. Ne5 {[%emt 0:02:15]} Bc8 {[%emt 0:03:21]} 51. fxg5+ {[%emt 0:00:56]} Ke6 {[%emt 0:01:38]} 52. Ng6 {[%emt 0:02:13]} hxg3 {[%emt 0:00:34]} 53. hxg3 {[%emt 0:00:07]} Bxg3 {[%emt 0:00:15]} 54. Bd5+ {[%emt 0:00:34]} Kd7 {[%emt 0:03:42]} 55. Ne5+ {[%emt 0:01:05]} Ke7 {[%emt 0:00:54]} 56. Ng6+ {[%emt 0:01:01]} Kd7 {[%emt 0:00:12]} 57. Ke4 {[%emt 0:00:25]} Kd6 {[%emt 0:00:49]} 58. Nf4 {[%emt 0:00:26]} Ke7 {[%emt 0:00:30]} 59. Nh5 {[%emt 0:00:17]} Kd6 {[%emt 0:01:10]} 60. Nxg3 {[%emt 0:00:14] Kxd5+} 1-0